व्यवसायिक अध्ययन: (Record no. 119945)
[ view plain ]
| 000 -LEADER | |
|---|---|
| fixed length control field | 00969nam a22002177a 4500 |
| 008 - FIXED-LENGTH DATA ELEMENTS--GENERAL INFORMATION | |
| fixed length control field | 250204b |||||||| |||| 00| 0 eng d |
| 082 ## - DEWEY DECIMAL CLASSIFICATION NUMBER | |
| Edition number | 23rd |
| Classification number | N658/Vy955 |
| 241 ## - ROMANIZED TITLE (BK AM CF MP MU VM) | |
| Romanized title | Vyavasayik adhyayan: kaksha 12. |
| 245 ## - TITLE STATEMENT | |
| Title | व्यवसायिक अध्ययन: |
| Remainder of title | कक्षा १२ / |
| Statement of responsibility, etc. | साेमराज खनाल...[र अरुहरु] |
| 260 ## - PUBLICATION, DISTRIBUTION, ETC. | |
| Place of publication, distribution, etc. | काठमाडाैंः |
| Name of publisher, distributor, etc. | तलेजु प्रकाशन, |
| Date of publication, distribution, etc. | २०७०वि. |
| 300 ## - PHYSICAL DESCRIPTION | |
| Extent | 262p. : ill. |
| 504 ## - BIBLIOGRAPHY, ETC. NOTE | |
| Bibliography, etc. note | Includes bibliography. |
| 650 ## - SUBJECT ADDED ENTRY--TOPICAL TERM | |
| Topical term or geographic name entry element | व्यवसायिक व्यवस्थापन |
| 650 ## - SUBJECT ADDED ENTRY--TOPICAL TERM | |
| Topical term or geographic name entry element | व्यवसाय |
| 650 ## - SUBJECT ADDED ENTRY--TOPICAL TERM | |
| Topical term or geographic name entry element | Business management |
| 9 (RLIN) | 10303 |
| 700 ## - ADDED ENTRY--PERSONAL NAME | |
| Personal name | खनाल, साेमराज |
| 700 ## - ADDED ENTRY--PERSONAL NAME | |
| Personal name | थापा, सुरेन्द्र 'अस्लामी' |
| 700 ## - ADDED ENTRY--PERSONAL NAME | |
| Personal name | शेर्पा, ल्हाक्पा गेलु |
| 700 ## - ADDED ENTRY--PERSONAL NAME | |
| Personal name | ढकाल, सीताराम |
| 942 ## - ADDED ENTRY ELEMENTS (KOHA) | |
| Source of classification or shelving scheme | Dewey Decimal Classification |
| Koha item type | ISBN |
| Withdrawn status | Lost status | Source of classification or shelving scheme | Damaged status | Not for loan | Home library | Current library | Date acquired | Total Checkouts | Full call number | Barcode | Date last seen | Price effective from | Koha item type |
|---|---|---|---|---|---|---|---|---|---|---|---|---|---|
| Dewey Decimal Classification | Tribhuvan University Central Library | Tribhuvan University Central Library | 02/04/2025 | N658/Vy955 | IS10084 | 02/04/2025 | 02/04/2025 | ISBN |
